00541nam a2200169Ia 450000500170000000800410001702000150005808200130007324501140008625000090020026000580020930000180026765000090028565000170029470000290031170000310034020240603032642.0240331s9999 xx 000 0 und d a0861876644 bROLa342 4aThe role of the judiciary in plural societies :ba publication of the international centre for ethnic studies a1 st aLondonbInternational Centre For Ethnic Studiesc1987 axxi, 193 p ., aLaws aHuman Rights aTiruchelvam, Neelaneedt aCoomaraswamy, Radhikaeedt